00269nam a2200109 a 45000010005000000030005000050050017000100080041000270400026000682450050000942600015001444857CDMR20130116135300.0130130s1990||||||||||||||||||||||||||||d aCDMRbcatcCPC GIRONA 0aHumor en la prensa (RevbAEDE, nÂș 15)cVaris c1990bAEDE